000 00445nam a2200133Ia 4500
005 20260209120139.0
008 260209s9999||||xx |||||||||||||| ||und||
100 _aSulbha Goyal
245 0 _aScope of courts intervention in domestic arbitration
260 _aBangaloreBangalore
_bNLSIU
_c2017
300 _a139 p. ; 25 cm.
700 _aDr. S B N Prakash - GuideDr. S B N Prakash - Guide
856 _uhttps://dans.nls.ac.in/handle/123456789/1575
999 _c217331
_d217331